Statistics for Top 5 Highest FIFA Ranked Countries By Continent

Click here to take the quiz!

General Stats

  • This quiz has been taken 59 times
  • The average score is 25 of 30

Answer Stats

#Country% Correct
3France
98%
27Australia
96%
20Japan
96%
1Argentina
95%
5England
95%
13Mexico
93%
25South Korea
93%
53Canada
91%
9Morocco
91%
15United States
91%
4Belgium
89%
2Brazil
89%
7Netherlands
89%
6Croatia
87%
105New Zealand
87%
34Nigeria
85%
12Uruguay
85%
18Senegal
84%
21Peru
82%
33Cameroon
80%
17Colombia
80%
24Iran
80%
32Costa Rica
78%
163Fiji
78%
49Saudi Arabia
76%
61Panama
71%
30Tunisia
65%
158Papua New Guinea
60%
136Solomon Islands
55%
164Vanuatu
51%

Score Distribution

Percentile by Number Answered

Percent of People with Each Score

Your Score History

You have not taken this quiz